000 00621cab a2200205 4500
001 ABS51673
008 090401t1994 xxu||||| |||| 00| 0 eng d
035 _a(Sirsi) u38910
041 _aeng
100 _aChappell, D.
245 4 _aThe New Engineering Contract
260 _c1994
350 _a0
490 _aArchitects` Journal
_v200(17) 3 November 1994, 47-49(3)
520 _aBrief assessment of the first edition of the NEC, which ends with a question and answer session.
650 _aNEW ENGINEERING CONTRACT
690 _aBUILT ENVIRONMENT-BUILDING CONTRACT FORMS
942 _n0
948 _c04/03/1997
999 _c24953
_d24953